000
00273nam a22001337a 4500
003
SGT
082
_b
ALL
100
_a
ALLARD, ROBERT W.
245
_a
PRINCIPLES OF PLANT BREEDING
250
_a
2ND
260
_b
CBS PUBLISHER
_c
2018
300
_a
254
942
_2
ddc
_c
BK
_0
3
999
_c
15412
_d
15412